000 00252nam a22001097a 4500
003 OSt
008 231114b |||||||| |||| 00| 0 eng d
041 _aeng
100 _aBridges, Robert
_95608
245 _aPoetical works of Robert Bridges /
942 _cBK
999 _c17818
_d17818